[Event "Verden op-B"]
[Site "Verden"]
[Date "2023.01.08"]
[Round "7"]
[White "Brunner, Alexander1"]
[Black "Scheidt, Mike Niklas"]
[Result "1-0"]
[WhiteElo "1991"]
[BlackElo "1677"]
[PlyCount "54"]
[EventDate "2023.01.05"]
[EventType "swiss"]
[EventRounds "7"]
[EventCountry "GER"]
[SourceTitle "CBM 212 Extra"]
[Source "ChessBase"]
[SourceDate "2023.03.31"]
[SourceVersion "1"]
[SourceVersionDate "2023.03.31"]
[SourceQuality "1"]

1. e4 d5 2. exd5 Qxd5 3. Nc3 Qa5 4. d4 Nf6 5. Nf3 Bg4 6. h3 Bh5 7. g4 Bg6 8. Ne5 c6 9. Nc4 Qc7 10. Be3 e6 11. Bg2 Nbd7 12. Qd2 Bb4 13. Bf4 Qd8 14. a3 Be7 15. Ne5 Nxe5 16. Bxe5 0-0 17. f4 Qb6 18. 0-0-0 Nd5 19. Nxd5 cxd5 20. f5 exf5 21. gxf5 Bxf5 22. Bxd5 Rac8 23. Rhg1 Rxc2+ 24. Qxc2 Bxc2 25. Rxg7+ Kh8 26. Rxf7+ Kg8 27. Rf6+ Kg7 1-0

[Event "Niedersachsen-ch op-B"]
[Site "Verden an der Aller"]
[Date "2020.01.04"]
[Round "6"]
[White "Ernst, Holger"]
[Black "Scheidt, Mike Niklas"]
[Result "0-1"]
[WhiteElo "1482"]
[BlackElo "1668"]
[PlyCount "41"]
[EventDate "2020.01.02"]
[EventType "swiss"]
[EventRounds "7"]
[EventCountry "GER"]
[SourceTitle "EXT 2023"]
[Source "ChessBase"]
[SourceDate "2022.10.05"]
[SourceVersion "1"]
[SourceVersionDate "2022.10.05"]
[SourceQuality "1"]

1. e4 c5 2. Nf3 e6 3. d4 cxd4 4. Nxd4 Nc6 5. Be3 Qc7 6. Bd3 a6 7. c3 b5 8. 0-0 Bb7 9. Nd2 Nf6 10. Rc1 h5 11. Nxc6 Bxc6 12. f3 Bd6 13. f4 Ng4 14. Qf3 g5 15. g3 Nxe3 16. Qxe3 gxf4 17. Qf3 Ke7 18. c4 Rag8 19. cxb5 axb5 20. Bxb5 Qb6+ 21. Qf2 0-1

[Event "Pardubice Czech op-C 30th"]
[Site "Pardubice"]
[Date "2019.07.20"]
[Round "1"]
[White "Scheidt, Mike Niklas"]
[Black "Petek, Primoz"]
[Result "0-1"]
[WhiteElo "1614"]
[BlackElo "2092"]
[PlyCount "98"]
[EventDate "2019.07.20"]
[EventType "swiss"]
[EventRounds "9"]
[EventCountry "CZE"]
[SourceTitle "EXT 2020"]
[Source "ChessBase"]
[SourceDate "2019.10.17"]
[SourceVersion "1"]
[SourceVersionDate "2019.10.17"]
[SourceQuality "1"]

1. d4 d5 2. Nc3 Nf6 3. Bf4 Bf5 4. e3 e6 5. f3 Bd6 6. Nge2 Nc6 7. g4 Bxf4 8. Nxf4 Bg6 9. h4 h5 10. g5 Nd7 11. Bh3 Qe7 12. Bxe6 Nb6 13. Ncxd5 Nxd5 14. Nxd5 Qd6 15. Nf4 fxe6 16. Nxg6 Qg3+ 17. Kd2 0-0-0 18. Qg1 Qxf3 19. Rf1 Qe4 20. Nxh8 Rxh8 21. Rf4 Qd5 22. Qf1 Qxa2 23. Rf8+ Rxf8 24. Qxf8+ Nd8 25. Qxg7 Qxb2 26. Qe7 Qb5 27. Ra1 b6 28. Rxa7 Qc6 29. e4 Kb8 30. Qxc7+ Qxc7 31. Rxc7 Kxc7 32. d5 exd5 33. exd5 Kd6 34. c4 Nf7 35. Ke3 Ne5 36. Ke4 Ng6 37. Kf5 Nxh4+ 38. Kf6 Kd7 39. Kf7 Nf3 40. Kf6 Nh4 41. Kf7 Nf3 42. Kf6 Nh4 43. Kf7 Kd6 44. Kf6 Kd7 45. Kf7 Kd8 46. Kf6 Ke8 47. d6 Kd7 48. Kf7 Kxd6 49. Kf6 Kc5 0-1

[Event "GER-ch U25-B"]
[Site "Willingen"]
[Date "2019.06.12"]
[Round "6"]
[White "Scheidt, Mike Niklas"]
[Black "Hoppe, Nico"]
[Result "1/2-1/2"]
[WhiteElo "1557"]
[BlackElo "1692"]
[PlyCount "41"]
[EventDate "2019.06.08"]
[EventType "swiss"]
[EventRounds "9"]
[EventCountry "GER"]
[SourceTitle "CBM 191 Extra"]
[Source "ChessBase"]
[SourceDate "2019.09.30"]
[SourceVersion "1"]
[SourceVersionDate "2019.09.30"]
[SourceQuality "1"]

1. d4 Nf6 2. Nc3 g6 3. Bf4 Bg7 4. e4 d6 5. Qd2 0-0 6. h4 c5 7. Nge2 b6 8. f3 Ba6 9. Bh6 cxd4 10. Nxd4 Bxf1 11. Kxf1 Nbd7 12. h5 Nxh5 13. Nc6 Qe8 14. Rxh5 Nf6 15. Bxg7 Kxg7 16. Qh6+ Kh8 17. Rh3 Qxc6 18. g4 Rg8 19. Kg2 Rg7 20. Rah1 Rc8 21. Qf4 1/2-1/2

[Event "Niedersachsen-ch op B"]
[Site "Verden"]
[Date "2019.01.05"]
[Round "6"]
[White "Schumacher, Klaus"]
[Black "Scheidt, Mike Niklas"]
[Result "1-0"]
[WhiteElo "1724"]
[BlackElo "1561"]
[PlyCount "87"]
[EventDate "2019.01.03"]
[EventType "swiss"]
[EventRounds "7"]
[EventCountry "GER"]
[SourceTitle "EXT 2022"]
[Source "ChessBase"]
[SourceDate "2021.10.06"]
[SourceVersion "1"]
[SourceVersionDate "2021.10.06"]
[SourceQuality "1"]

1. c4 e5 2. g3 d6 3. Nc3 Be6 4. Bg2 Nc6 5. d3 Qd7 6. Nf3 f6 7. 0-0 Bh3 8. Re1 Bxg2 9. Kxg2 h5 10. h4 Nh6 11. d4 0-0-0 12. d5 Ne7 13. Qa4 Qxa4 14. Nxa4 Ng6 15. Nc3 Be7 16. b4 f5 17. Bg5 Bf6 18. e4 f4 19. c5 Nf7 20. Rh1 Kb8 21. a4 Bxg5 22. Nxg5 Nxg5 23. hxg5 h4 24. Ne2 Rdf8 25. gxf4 Nxf4+ 26. Nxf4 Rxf4 27. f3 h3+ 28. Kg3 Rh5 29. Rxh3 Rxh3+ 30. Kxh3 Rxf3+ 31. Kg2 Re3 32. Rh1 a6 33. Rh8+ Ka7 34. Rc8 Rxe4 35. Rxc7 dxc5 36. bxc5 g6 37. c6 Rb4 38. Rxb7+ Rxb7 39. cxb7 Kxb7 40. Kf3 Kc7 41. Ke4 Kd6 42. a5 Kd7 43. Kxe5 Ke7 44. d6+ 1-0

[Event "Niedersachsen-ch op B"]
[Site "Verden"]
[Date "2019.01.04"]
[Round "3"]
[White "Schwenke, Stefan"]
[Black "Scheidt, Mike Niklas"]
[Result "1/2-1/2"]
[WhiteElo "1750"]
[BlackElo "1561"]
[PlyCount "28"]
[EventDate "2019.01.03"]
[EventType "swiss"]
[EventRounds "7"]
[EventCountry "GER"]
[SourceTitle "EXT 2022"]
[Source "ChessBase"]
[SourceDate "2021.10.06"]
[SourceVersion "1"]
[SourceVersionDate "2021.10.06"]
[SourceQuality "1"]

1. e4 d5 2. exd5 Qxd5 3. Nc3 Qa5 4. d4 Nf6 5. Nf3 Bg4 6. Be2 Nc6 7. h3 Bh5 8. Bb5 0-0-0 9. Bxc6 bxc6 10. 0-0 e5 11. Bg5 exd4 12. Bxf6 gxf6 13. Ne4 Qf5 14. Ng3 Qd5 1/2-1/2

[Event "Niedersachsen-ch op B"]
[Site "Verden"]
[Date "2019.01.03"]
[Round "2"]
[White "Scheidt, Mike Niklas"]
[Black "Storjohann, Klaus"]
[Result "1/2-1/2"]
[WhiteElo "1561"]
[BlackElo "1638"]
[PlyCount "56"]
[EventDate "2019.01.03"]
[EventType "swiss"]
[EventRounds "7"]
[EventCountry "GER"]
[SourceTitle "EXT 2022"]
[Source "ChessBase"]
[SourceDate "2021.10.06"]
[SourceVersion "1"]
[SourceVersionDate "2021.10.06"]
[SourceQuality "1"]

1. e4 e6 2. d4 d5 3. exd5 exd5 4. Bd3 Bd6 5. Ne2 Ne7 6. Nbc3 c6 7. Bf4 Bg4 8. Qd2 0-0 9. h3 Bxe2 10. Nxe2 Bxf4 11. Nxf4 Ng6 12. Nxg6 hxg6 13. 0-0-0 Nd7 14. h4 Nf6 15. f3 Qd6 16. Qg5 Nh5 17. g4 Qf4+ 18. Qxf4 Nxf4 19. Kd2 Rfe8 20. Rde1 Kf8 21. Rh2 Rxe1 22. Kxe1 Nxd3+ 23. cxd3 Re8+ 24. Re2 Rxe2+ 25. Kxe2 Ke7 26. b4 Kd6 27. Kd2 Kc7 28. f4 Kd6 1/2-1/2

[Event "Niedersachsen-ch op-C"]
[Site "Verden"]
[Date "2017.01.05"]
[Round "2"]
[White "Nietsch, Felix"]
[Black "Scheidt, Mike Niklas"]
[Result "0-1"]
[WhiteElo "1549"]
[BlackElo "1580"]
[PlyCount "82"]
[EventDate "2017.01.05"]
[EventType "swiss"]
[EventRounds "7"]
[EventCountry "GER"]
[SourceTitle "CBM 187 Extra"]
[Source "ChessBase"]
[SourceDate "2018.11.04"]
[SourceVersion "1"]
[SourceVersionDate "2018.11.04"]
[SourceQuality "1"]

1. d4 d5 2. Nf3 Bf5 3. g3 Nf6 4. Bg2 e6 5. 0-0 Bd6 6. Nbd2 Nbd7 7. c4 c6 8. b3 Ne4 9. Bb2 Ndf6 10. Nxe4 Nxe4 11. Nd2 Ng5 12. cxd5 exd5 13. Re1 Nh3+ 14. Bxh3 Bxh3 15. e4 0-0 16. e5 Bb4 17. a3 Ba5 18. b4 Bb6 19. Qh5 Qd7 20. Nb3 Bg4 21. Qg5 h6 22. Qd2 Qf5 23. f4 Bf3 24. Nc5 Bxc5 25. bxc5 Be4 26. Bc3 f6 27. Ra2 Qh3 28. Rb2 Rab8 29. a4 b6 30. cxb6 Rxb6 31. Rxb6 axb6 32. a5 bxa5 33. Bxa5 Ra8 34. Bc3 Ra3 35. Re2 Rb3 36. Bb2 Rf3 37. Rf2 Rxg3+ 38. Rg2 Rxg2+ 39. Kf1 Rxd2+ 40. Ke1 Qe3+ 41. Kf1 Bg2# 0-1

[Event "Niedersachsen-ch op-C"]
[Site "Verden"]
[Date "2016.01.04"]
[Round "3"]
[White "Scheidt, Mike Niklas"]
[Black "Evering, Kira"]
[Result "1/2-1/2"]
[WhiteElo "1393"]
[BlackElo "881"]
[PlyCount "96"]
[EventDate "2016.01.03"]
[EventType "swiss"]
[EventRounds "7"]
[EventCountry "GER"]
[SourceTitle "EXT 2018"]
[Source "ChessBase"]
[SourceDate "2017.10.13"]
[SourceVersion "1"]
[SourceVersionDate "2017.10.13"]
[SourceQuality "1"]

1. d4 d5 2. Bf4 Nf6 3. e3 c5 4. Nf3 e6 5. Bb5+ Nc6 6. Ne5 Bd7 7. Nxd7 Nxd7 8. Nc3 a6 9. Be2 Nf6 10. 0-0 Bd6 11. Bxd6 Qxd6 12. Bf3 cxd4 13. exd4 0-0 14. Re1 Rfe8 15. Qd2 e5 16. dxe5 Rxe5 17. Rxe5 Nxe5 18. Bxd5 Rd8 19. Rd1 Nc4 20. Qc1 Nxd5 21. Rxd5 Qe7 22. Rxd8+ Qxd8 23. Qd1 Qe8 24. b3 Nd6 25. Ne2 h6 26. Qxd6 Qxe2 27. Qd8+ Kh7 28. Qd3+ Qxd3 29. cxd3 Kg6 30. Kf1 Kf6 31. Ke2 Ke6 32. Kd2 Kd6 33. d4 g5 34. Kd3 Kd5 35. a3 b6 36. b4 b5 37. f3 f5 38. g3 h5 39. h3 h4 40. g4 f4 41. Kc3 Kd6 42. Kd3 Kd5 43. Kc3 Kd6 44. d5 Kxd5 45. Kd3 Ke6 46. Kd4 Kd6 47. Ke4 Ke6 48. Kd4 Kd6 1/2-1/2

[Event "GER-chT U12"]
[Site "Magdeburg"]
[Date "2015.12.29"]
[Round "5.2"]
[White "Scheidt, Mike Niklas"]
[Black "Bui, Bao Anh Le"]
[Result "0-1"]
[WhiteElo "1399"]
[BlackElo "1654"]
[PlyCount "46"]
[EventDate "2015.12.27"]
[EventType "team-swiss"]
[EventRounds "7"]
[EventCountry "GER"]
[SourceTitle "EXT 2017"]
[Source "ChessBase"]
[SourceDate "2016.10.25"]
[SourceVersion "1"]
[SourceVersionDate "2016.10.25"]
[SourceQuality "1"]
[WhiteTeam "Hagen"]
[BlackTeam "Berlin Mattnetz"]
[WhiteTeamCountry "GER"]
[BlackTeamCountry "GER"]

1. d4 d5 2. Bf4 e6 3. Nc3 Nf6 4. f3 Bd6 5. Bg5 Be7 6. Qd2 Nbd7 7. 0-0-0 0-0 8. g4 c6 9. h4 e5 10. dxe5 Nxe5 11. h5 Nc4 12. Qd3 Qb6 13. b3 Ba3+ 14. Kb1 Nb2 15. Qd2 Nxd1 16. Nxd1 Qb4 17. c3 Qd6 18. Ne3 Qe5 19. f4 Ne4 20. Qc2 Nxc3+ 21. Ka1 Qxe3 22. Bh3 Qe4 23. Qxe4 Nxe4 0-1

[Event "GER-chT U10"]
[Site "Magdeburg"]
[Date "2014.12.28"]
[Round "5.3"]
[White "Scheidt, Mike Niklas"]
[Black "Fuhrmann, Philipp"]
[Result "1-0"]
[WhiteElo "1369"]
[BlackElo "756"]
[PlyCount "91"]
[EventDate "2014.12.27"]
[EventType "team-swiss"]
[EventRounds "7"]
[EventCountry "GER"]
[SourceTitle "EXT 2016"]
[Source "ChessBase"]
[SourceDate "2015.10.08"]
[SourceVersion "1"]
[SourceVersionDate "2015.10.08"]
[SourceQuality "1"]
[WhiteTeam "Hagen"]
[BlackTeam "Hamburger SK"]
[WhiteTeamCountry "GER"]
[BlackTeamCountry "GER"]

1. d4 d5 2. Bf4 Nc6 3. Nc3 Nf6 4. Nb5 e5 5. Bxe5 Nxe5 6. dxe5 Ng8 7. Nf3 c6 8. Nc3 Bb4 9. e3 Bg4 10. Be2 c5 11. 0-0 Ne7 12. Qd3 0-0 13. Rad1 Bxc3 14. bxc3 b6 15. Ng5 Bf5 16. e4 c4 17. Qf3 Be6 18. Nxe6 fxe6 19. Qg4 Qd7 20. exd5 Nxd5 21. Bxc4 Qc6 22. Qxe6+ Qxe6 23. Bxd5 Qxd5 24. Rxd5 Rf5 25. Re1 Rc8 26. Rd7 Rc5 27. e6 h6 28. e7 Rce5 29. Rd8+ Kh7 30. Rxe5 Rxe5 31. e8Q Rxe8 32. Rxe8 Kg6 33. Re7 a6 34. Re6+ Kh7 35. Rxb6 g5 36. c4 Kg7 37. c5 Kf7 38. Rd6 Ke7 39. Rd2 h5 40. c6 g4 41. c7 g3 42. c8Q gxh2+ 43. Kxh2 h4 44. Qd7+ Kf8 45. Re2 h3 46. Re8# 1-0

[Event "GER-chT U10"]
[Site "Magdeburg"]
[Date "2014.12.28"]
[Round "3.3"]
[White "Scheidt, Mike Niklas"]
[Black "Heuer, Adrian"]
[Result "1-0"]
[WhiteElo "1369"]
[BlackElo "1024"]
[PlyCount "103"]
[EventDate "2014.12.27"]
[EventType "team-swiss"]
[EventRounds "7"]
[EventCountry "GER"]
[SourceTitle "EXT 2016"]
[Source "ChessBase"]
[SourceDate "2015.10.08"]
[SourceVersion "1"]
[SourceVersionDate "2015.10.08"]
[SourceQuality "1"]
[WhiteTeam "Hagen"]
[BlackTeam "Peiner"]
[WhiteTeamCountry "GER"]
[BlackTeamCountry "GER"]

1. d4 g6 2. Bf4 Bg7 3. e3 d6 4. Nf3 Nh6 5. Bd3 f5 6. e4 0-0 7. Qe2 Re8 8. e5 Nc6 9. 0-0 Be6 10. Nc3 d5 11. Qd2 Nf7 12. Bb5 Qd7 13. Ng5 a6 14. Bxc6 Qxc6 15. Nxf7 Bxf7 16. Bh6 Qb6 17. Bxg7 Kxg7 18. Rab1 h6 19. Rfe1 g5 20. Qe3 f4 21. Qd2 c5 22. dxc5 Qxc5 23. e6 Bg6 24. Re5 Rad8 25. Rxd5 Rxd5 26. Qxd5 Qxd5 27. Nxd5 Bxc2 28. Rc1 Bf5 29. Re1 Kg6 30. h4 Bd3 31. g3 Bc4 32. Nc3 gxh4 33. gxh4 Kf5 34. b3 Rg8+ 35. Kh2 Bxe6 36. Ne2 Rg4 37. Nd4+ Kf6 38. Rxe6+ Kf7 39. Rxh6 f3 40. Nxf3 Rf4 41. Kg3 e5 42. Nxe5+ Ke7 43. Kxf4 Kd8 44. Rg6 a5 45. h5 a4 46. h6 axb3 47. axb3 b5 48. h7 b4 49. h8Q+ Ke7 50. Qf6+ Ke8 51. Qf7+ Kd8 52. Qd7# 1-0

[Event "Niedersachsen-ch U10"]
[Site "Norderney"]
[Date "2014.04.18"]
[Round "11"]
[White "Scheidt, Mike Niklas"]
[Black "Brunner, Sophia"]
[Result "1/2-1/2"]
[WhiteElo "1147"]
[BlackElo "1438"]
[PlyCount "91"]
[EventDate "2014.04.??"]
[EventType "swiss"]
[EventRounds "11"]
[EventCountry "GER"]
[SourceTitle "EXT 2017"]
[Source "ChessBase"]
[SourceDate "2016.10.25"]
[SourceVersion "1"]
[SourceVersionDate "2016.10.25"]
[SourceQuality "1"]

1. d4 d5 2. Nc3 Nf6 3. Bg5 e6 4. Qd3 Nbd7 5. e4 dxe4 6. Nxe4 Qe7 7. c3 h6 8. Qh3 Qd8 9. Qh4 Be7 10. Bd3 Nxe4 11. Bxe7 Qxe7 12. Qxe4 Nf6 13. Bb5+ Nd7 14. Bxd7+ Qxd7 15. Nf3 Qb5 16. Rb1 0-0 17. Ne5 Qa6 18. a3 Rd8 19. Qf3 Rf8 20. c4 Qd6 21. Rd1 Qb6 22. b4 c6 23. 0-0 Qc7 24. c5 Qe7 25. Rd2 Qg5 26. Rfd1 f6 27. h4 Qf5 28. Qxf5 exf5 29. Ng6 Rd8 30. d5 cxd5 31. Rxd5 Rxd5 32. Rxd5 Be6 33. Rd6 Kf7 34. Nf4 Re8 35. Nxe6 Rxe6 36. Rd7+ Re7 37. Rd6 g5 38. hxg5 hxg5 39. b5 Rc7 40. b6 axb6 41. cxb6 Re7 42. a4 Re6 43. Rd7+ Re7 44. Rd6 Re6 45. Rd7+ Re7 46. Rd6 1/2-1/2

[Event "Niedersachsen-ch U10"]
[Site "Norderney"]
[Date "2014.04.15"]
[Round "8"]
[White "Meijerink, Inken"]
[Black "Scheidt, Mike Niklas"]
[Result "1/2-1/2"]
[WhiteElo "898"]
[BlackElo "1147"]
[PlyCount "87"]
[EventDate "2014.04.??"]
[EventType "swiss"]
[EventRounds "11"]
[EventCountry "GER"]
[SourceTitle "EXT 2017"]
[Source "ChessBase"]
[SourceDate "2016.10.25"]
[SourceVersion "1"]
[SourceVersionDate "2016.10.25"]
[SourceQuality "1"]

1. e4 d5 2. exd5 Qxd5 3. Nc3 Qa5 4. Nf3 Bg4 5. Bc4 e6 6. d3 Nc6 7. Be3 0-0-0 8. 0-0 Ne5 9. Re1 Nxc4 10. h3 Nxe3 11. Rxe3 Bh5 12. Re5 Bxf3 13. Rxa5 Bxd1 14. Rxd1 a6 15. a3 Nf6 16. b4 Bd6 17. b5 axb5 18. Nxb5 c6 19. Nxd6+ Kd7 20. Nxf7 Ra8 21. Rxa8 Rxa8 22. Ne5+ Kd6 23. Nc4+ Kc5 24. Re1 b5 25. Re5+ Kd4 26. Rxe6 bxc4 27. dxc4 Kxc4 28. Rxc6+ Kd4 29. Rc7 g5 30. Rf7 Ke5 31. c4 Rxa3 32. c5 Ra1+ 33. Kh2 Rc1 34. Rc7 h5 35. Rg7 g4 36. hxg4 Nxg4+ 37. Kg3 Rxc5 38. f3 Nf6 39. Rg5+ Kd4 40. Kh4 Rxg5 41. Kxg5 Ke5 42. g4 Nxg4 43. fxg4 hxg4 44. Kxg4 1/2-1/2

[Event "Niedersachsen-ch U10"]
[Site "Norderney"]
[Date "2014.04.14"]
[Round "6"]
[White "Schauder, Finn Leon"]
[Black "Scheidt, Mike Niklas"]
[Result "0-1"]
[WhiteElo "930"]
[BlackElo "1147"]
[PlyCount "46"]
[EventDate "2014.04.??"]
[EventType "swiss"]
[EventRounds "11"]
[EventCountry "GER"]
[SourceTitle "EXT 2017"]
[Source "ChessBase"]
[SourceDate "2016.10.25"]
[SourceVersion "1"]
[SourceVersionDate "2016.10.25"]
[SourceQuality "1"]

1. e4 d5 2. exd5 Qxd5 3. Nc3 Qa5 4. Nf3 Bg4 5. Be2 Nf6 6. d4 Nc6 7. Bf4 0-0-0 8. Qc1 Bxf3 9. Bxf3 Nxd4 10. Qe3 Nxc2+ 11. Kf1 Nxe3+ 12. Bxe3 e6 13. Ke2 Qa6+ 14. Ke1 Bb4 15. Be2 Qd6 16. Rd1 Nd5 17. Bxa7 Bxc3+ 18. bxc3 Qa3 19. Bd4 Nxc3 20. Bxc3 Qxc3+ 21. Kf1 Rxd1+ 22. Bxd1 Qd3+ 23. Ke1 Rd8 0-1

[Event "Niedersachsen-ch U10"]
[Site "Norderney"]
[Date "2014.04.13"]
[Round "4"]
[White "Schulze, Lukas"]
[Black "Scheidt, Mike Niklas"]
[Result "1-0"]
[WhiteElo "917"]
[BlackElo "1147"]
[PlyCount "107"]
[EventDate "2014.04.??"]
[EventType "swiss"]
[EventRounds "11"]
[EventCountry "GER"]
[SourceTitle "EXT 2017"]
[Source "ChessBase"]
[SourceDate "2016.10.25"]
[SourceVersion "1"]
[SourceVersionDate "2016.10.25"]
[SourceQuality "1"]

1. e4 d5 2. exd5 Qxd5 3. Nc3 Qa5 4. Nf3 Bg4 5. h3 Bf5 6. Bc4 Nf6 7. Ng5 e6 8. 0-0 Bxc2 9. Qxc2 Qxg5 10. d4 Qg6 11. Bd3 Qh5 12. Be2 Qa5 13. Bf3 Nc6 14. Ne4 Nxd4 15. Nxf6+ gxf6 16. Qd3 Nxf3+ 17. Qxf3 0-0-0 18. Qxf6 Qf5 19. Qxh8 Bd6 20. Qc3 Be5 21. Qa3 a6 22. Be3 Bd6 23. Qc3 Be5 24. Qc4 b5 25. Qc6 a5 26. Qa6+ Kd7 27. Rfd1+ Ke7 28. Rxd8 Kxd8 29. Qa8+ Ke7 30. Bc5+ Kf6 31. Qd8+ Kg6 32. Qg8+ Kf6 33. Bf8 Qg6 34. Qh8+ Kf5 35. g4+ Kf4 36. Bg7 Bxg7 37. Qb8 Bxb2 38. Qxc7+ Be5 39. Qc1+ Ke4 40. Qe1+ Kd5 41. Rd1+ Bd4 42. Qe3 h5 43. Qxd4+ Kc6 44. Qd6+ Kb7 45. Qd7+ Kb8 46. Rc1 Qg8 47. Qc7+ Ka8 48. Qb6 hxg4 49. hxg4 Qxg4+ 50. Kf1 Qh3+ 51. Ke2 Qg4+ 52. Kd2 Qb4+ 53. Kd3 f5 54. Rc8# 1-0

[Event "Niedersachsen-ch op-B"]
[Site "Verden"]
[Date "2014.01.04"]
[Round "5"]
[White "Ter Stal, Lars"]
[Black "Scheidt, Mike Niklas"]
[Result "0-1"]
[WhiteElo "1025"]
[BlackElo "925"]
[PlyCount "72"]
[EventDate "2014.01.02"]
[EventType "swiss"]
[EventRounds "7"]
[EventCountry "GER"]
[SourceTitle "EXT 2016"]
[Source "ChessBase"]
[SourceDate "2015.10.08"]
[SourceVersion "1"]
[SourceVersionDate "2015.10.08"]
[SourceQuality "1"]

1. e4 d5 2. exd5 Qxd5 3. Nc3 Qa5 4. Bc4 Nc6 5. d3 Bf5 6. Bd2 e6 7. a3 Qb6 8. Na4 Qd4 9. Nf3 Qg4 10. 0-0 Bd6 11. Re1 Nf6 12. Bb5 Nd5 13. Bxc6+ bxc6 14. Ne5 Qxa4 15. Qh5 Bxe5 16. Rxe5 0-0 17. Qg5 f6 18. Qg3 fxe5 19. Bh6 Qg4 20. Qxe5 gxh6 21. h3 Qg7 22. Qe2 Bxh3 23. f3 Nf4 24. Qf2 Bxg2 25. Kh2 Qe5 26. Kg1 Nh3+ 27. Kxg2 Nxf2 28. Kxf2 Qxb2 29. Rg1+ Kh8 30. Ke3 Qxa3 31. Ke4 Qb4+ 32. Ke5 Qc5+ 33. Kxe6 Qxg1 34. Kd7 Qd4+ 35. Kxc7 Rfc8+ 36. Kb7 Qb6# 0-1

[Event "Niedersachsen-ch op-B"]
[Site "Verden"]
[Date "2014.01.02"]
[Round "1"]
[White "Moenster, Madita"]
[Black "Scheidt, Mike Niklas"]
[Result "1-0"]
[WhiteElo "1616"]
[BlackElo "925"]
[PlyCount "62"]
[EventDate "2014.01.02"]
[EventType "swiss"]
[EventRounds "7"]
[EventCountry "GER"]
[SourceTitle "EXT 2016"]
[Source "ChessBase"]
[SourceDate "2015.10.08"]
[SourceVersion "1"]
[SourceVersionDate "2015.10.08"]
[SourceQuality "1"]

1. e4 d5 2. exd5 Qxd5 3. Nc3 Qa5 4. Bc4 Bf5 5. d3 Nf6 6. Bd2 c6 7. Nge2 e6 8. 0-0 Bb4 9. Qe1 Nbd7 10. Nd4 0-0-0 11. a3 Bxc3 12. Bxc3 Qc7 13. Nxf5 exf5 14. Bxf7 g5 15. Be6 Ng4 16. g3 Rhe8 17. h3 Nge5 18. Bxe5 Rxe6 19. Bxc7 Rxe1 20. Bxd8 Rxa1 21. Rxa1 Kxd8 22. Re1 h5 23. Re6 g4 24. h4 Kc7 25. Rh6 a6 26. Rxh5 Kd6 27. Rxf5 Ke6 28. Rg5 Ne5 29. Kg2 c5 30. h5 Kf6 31. Rg8 Kf5 1-0